Sales Force Management Planning, Implementation, and Control

Salvato in:
Dettagli Bibliografici
Autore principale: Churchill, Gilbert A.
Altri autori: Ford, Neil M., Walker, Orville C.
Natura: Libro
Lingua:inglese
Pubblicazione: Homewood Irwin 1981
Edizione:1. ed.
Soggetti:
Tags: Aggiungi Tag
Nessun Tag, puoi essere il primo ad aggiungerne!!

MARC

LEADER 00000nam a2200000 4500
001 c001082
005 20221220103645.7
020 |a 0-256-02531-2 
041 0 |a eng 
044 |a US 
245 1 0 |a Sales Force Management  |b Planning, Implementation, and Control  |c Gilbert A. Churchill, Neil M. Ford, Orville C. Walker 
250 |a 1. ed. 
264 1 |a Homewood  |b Irwin  |c 1981 
300 |a 606 s. 
610 2 0 |a manažment 
610 2 0 |a predaj 
610 2 0 |a povolania 
610 2 0 |a práca personálna 
610 2 0 |a plánovanie personálne 
610 2 0 |a kontrola 
610 2 0 |a stratégia podniková 
610 2 0 |a zamestnanci 
610 2 0 |a nábor pracovníkov 
610 2 0 |a rozvoj pracovníkov 
610 2 0 |a motivácia pracovná 
610 2 0 |a mzdy 
610 2 0 |a analýza nákladov a výnosov 
100 1 |a Churchill, Gilbert A. 
700 1 |a Ford, Neil M. 
700 1 |a Walker, Orville C.